مناهج البحث التربوي بين النظرية والتطبيق / (رقم التسجيلة. 103029)

تفاصيل مارك
000 -الفاتح
عناصر البيانات ثابتة الطول 00862cam a2200217 i 4500
005 - تاريخ ووقت آخر معاملة
حقل ضبط 20260202104929.0
008 - عناصر البيانات ثابتة الطول
عناصر البيانات ثابتة الطول 250721s2007 ku gr 000 0 ara d
082 14 - رقم تصنيف ديوي العشري
رقم التصنيف 370.78
رقم المادة م ن ا
100 1# - مدخل رئيسي – اسم شخصي
الاسم الشخصي صلاح، سمير يونس
علاقة الشخص بالعمل/ دوره مؤلف.
245 10 - بيان العنوان
العنوان مناهج البحث التربوي بين النظرية والتطبيق /
بيان المسؤولية د. سمير يونس صلاح [وثلاثة آخرون].
250 ## - بيان الطبعة
بيان الطبعة الطبعة الثانية.
264 31 - بيانات النشر، التوزيع…إلخ
مكان النشر، التوزيع...إلخ بيروت :
اسم الناشر، الموزع...إلخ مكتبة الفلاح للنشر و التوزيع،
تاريخ النشر، التوزيع...إلخ 2007.
300 ## - الوصف المادي
عدد الوحدات المكونة للوعاء 255 صفحة.
650 17 - مدخل إضافي بالموضوع - مصطلح موضوعي
مصطلح موضوعي أو اسم جغرافي كعنصر مدخل الأبحاث التربوية.
650 17 - مدخل إضافي بالموضوع - مصطلح موضوعي
مصطلح موضوعي أو اسم جغرافي كعنصر مدخل المناهج.
700 1# - مدخل إضافي - اسم شخصي
الاسم الشخصي العنيزي، يوسف
علاقة الشخص بالعمل/ دوره مؤلف.
700 1# - مدخل إضافي - اسم شخصي
الاسم الشخصي الرشيدي، سعد
علاقة الشخص بالعمل/ دوره مؤلف.
700 1# - مدخل إضافي - اسم شخصي
الاسم الشخصي سلامة، عبد الرحيم
علاقة الشخص بالعمل/ دوره مؤلف.
942 ## - بيانات إضافية (كوها)
نوع التنصيف Dewey Decimal Classification
نوع المادة (كوها) كتب
المقتنيات
حالة السحب حالة الفقدان مصدر التصنيف حالة التلف غير قابل للإعارة المكتبة الرئيسية المكتبة الحالية موقع الرف تاريخ التزويد الرقم المتسلسل Total Checkouts رقم الإستدعاء الباركود تاريخ آخر ظهور تاريخ الفاتورة نوع المادة (كوها)
    Dewey Decimal Classification     المكتبة المركزية المكتبة المركزية الإعارة 28/07/2025 1062319   370.78 / م ن ا 1062319 28/07/2025 28/07/2025 كتب
Implemented & Customized by: BBB with SCIT (Smart Chains for Information Technology)

Powered by Koha